Striped Bass and Other Morone Culture (Developments in Aquaculture and Fisheries Science Book 30) Striped Bass and Other Morone Culture (Record no. 617747)

MARC details
000 -LEADER
fixed length control field 00478nam a22001457a 4500
008 - FIXED-LENGTH DATA ELEMENTS--GENERAL INFORMATION
fixed length control field 260315b |||||||| |||| 00| 0 eng d
020 ## - INTERNATIONAL STANDARD BOOK NUMBER
ISBN 9780444825476
Paper back/Hardbound HBK
041 ## - LANGUAGE CODE
Language code of text/sound track or separate title ENG
082 ## - DEWEY DECIMAL CLASSIFICATION NUMBER
Classification number 639.37732
Item number HAR
100 ## - MAIN ENTRY--AUTHOR NAME
Personal name R.M. Harrell
245 ## - TITLE STATEMENT
Title Striped Bass and Other Morone Culture (Developments in Aquaculture and Fisheries Science Book 30) Striped Bass and Other Morone Culture
260 ## - PUBLICATION, DISTRIBUTION, ETC. (IMPRINT)
Place of publication NETHERLAND
Name of publisher Elsevier Science
Year of publication 1997
942 ## - ADDED ENTRY ELEMENTS (KOHA)
Koha item type Reference
Holdings
Withdrawn status Lost status Damaged status Not for loan Home library Current library Shelving location Date acquired Full call number Accession Number Price effective from Koha item type
        Anna Centenary Library Anna Centenary Library 6TH FLOOR, A WING 08.11.2010 639.37732 HAR 330652   Reference

Find us on the map